NFL Rushing Yards In One Game - Statistics

General Stats
  • This quiz has been taken 27 times
  • The average score is 6 of 10
Answer Stats
Team Yards Answer % Correct
Vikings 296 Adrian Peterson
100%
Eagles 255 Saquon Barkley
83%
Bears 275 Walter Payton
78%
Colts 253 Jonathan Taylor
74%
Seahawks 266 Shaun Alexander
70%
Chiefs 259 Jamaal Charles
65%
Bills 273 O.J. Simpson
65%
Ravens 295 Jamal Lewis
61%
Bengals 278 Corey Dillon
26%
Browns 286 Jerome Harrison
13%
No matching quizzes found
Score Distribution
Percent of People with Each Score
Percentile by Number Answered
Your Score History
You have not taken this quiz